Normal view
MARC view
Entry Uniform Title
001 - CONTROL NUMBER
- control field: 16439
003 - CONTROL NUMBER IDENTIFIER
- control field: dpl
005 - DATE AND TIME OF LATEST TRANSACTION
- control field: 20100823161424.0
008 - FIXED-LENGTH DATA ELEMENTS
- fixed length control field: 100823|||a|||||| | ||| d
040 ## - CATALOGING SOURCE
- Original cataloging agency: dpl
- Transcribing agency: dpl
130 ## - HEADING--UNIFORM TITLE
- Uniform title: CMA Publication No.228
670 ## - SOURCE DATA FOUND
- Source citation: Work cat.: (dpl): Datta, Samar K. 16438, Towards evolving an agricultural policy matrix in a federal structure :, 2010
670 ## - SOURCE DATA FOUND
- Source citation: Work cat.: (dpl): Datta, Samar K. 16438, Towards evolving an agricultural policy matrix in a federal structure :, 2010
